Score 0/47 Timer 06:00
0 Plays Today
% Correct
City of London
87%
Cornwall
84.9%
Cheshire
84.9%
Nottinghamshire
84.6%
Rutland
84.6%
Greater Manchester
81.6%
Lancashire
78.9%
Cumbria
76.7%
Kent
75.5%
Merseyside
74.9%
Wiltshire
73.1%
Devon
71.6%
Somerset
66.2%
Bristol
65.6%
Warwickshire
64.7%
Tyne and Wear
64.4%
Berkshire
63.7%
Derbyshire
62.8%
West Midlands
62.5%
Cambridgeshire
61%
Surrey
60.7%
Isle of Wight
60.1%
Staffordshire
59.5%
Northumberland
59.2%
% Correct
Norfolk
58.3%
Hertfordshire
57.4%
Shropshire
52.6%
Hampshire
50.5%
Buckinghamshire
49.2%
Essex
47.1%
East Sussex
42%
East Riding of Yorkshire
40.8%
West Sussex
39.3%
Suffolk
39%
Leicestershire
38.4%
North Yorkshire
36.9%
Dorset
34.4%
Durham
34.1%
Gloucestershire
32.6%
Worcestershire
31.1%
Bedfordshire
30.5%
West Yorkshire
25.4%
Northamptonshire
23%
Oxfordshire
22.4%
South Yorkshire
17.2%
Lincolnshire
15.7%
Herefordshire
7.1%
Remove Ads.
Support Sporcle.
Get the best of Sporcle when you Go Orange. This ad-free experience offers more features, more stats, and more fun while also helping to support Sporcle. Thank you for becoming a member.

You're not logged in!

Compare scores with friends on all Sporcle quizzes.
OR
Log In

Show Comments

Extras

Top Quizzes Today


Score Distribution

Your Account Isn't Verified!

In order to create a playlist on Sporcle, you need to verify the email address you used during registration. Go to your Sporcle Settings to finish the process.

Report this User

Report this user for behavior that violates our Community Guidelines.

Details: